| 000 | 00355nam a2200145Ia 4500 | ||
|---|---|---|---|
| 005 | 20251222152609.0 | ||
| 008 | 251222s9999||||xx |||||||||||||| ||spa|| | ||
| 020 | _a9786124097454 | ||
| 082 | _a869.56/P26 | ||
| 100 | _aParedes Canto, César | ||
| 245 | 0 | _aCoplas de Cajamarca | |
| 250 | _a1ra. ed. | ||
| 264 | _bUniversidad Alas Peruanas | ||
| 942 | _cLIB | ||
| 999 |
_c26898 _d26898 |
||